The Sound Of Silence - Simon & Garfunkel - All Lyrics - Statistics

General Stats
  • This quiz has been taken 314 times
  • The average score is 164 of 216
Answer Stats
Answer % Correct
I
100%
I,
100%
a
99%
my
98%
to
97%
friend
96%
Hello
96%
of
96%
old
96%
with
96%
you
96%
"You
96%
you”
96%
again
95%
darkness,
95%
the
95%
"The
95%
silence
94%
Silence
94%
silence"
94%
sound
94%
talk
94%
come
93%
in
90%
In
90%
I’ve
90%
And
89%
and
89%
that
84%
That
84%
Hear
81%
on
81%
was
80%
vision
78%
No
77%
people,
76%
People
76%
people
76%
it
75%
light
75%
neon
75%
still
75%
without
74%
more
73%
Because
72%
listening
72%
maybe
72%
softly
72%
hearing
71%
saw
71%
talking
71%
ten
71%
they
71%
thousand
71%
written
71%
brain
70%
creeping
70%
remains,
70%
sleeping
70%
speaking
70%
never
69%
words
69%
words,
69%
its
68%
like
68%
planted
68%
one
67%
street
67%
halo
66%
When
66%
are
65%
do
65%
voices
65%
walls
65%
know
64%
songs
64%
god
63%
night,
63%
not
62%
were
62%
writing
62%
alone
61%
by
61%
made
61%
said
61%
said,
61%
subway
61%
cancer
60%
grows
60%
while
60%
eyes
59%
naked
59%
streets
59%
bowed
58%
might
58%
left
57%
prayed
57%
But
56%
flash
56%
reach
56%
teach
56%
walked
56%
within
56%
shared
55%
sign
55%
cobblestone
54%
fell,
54%
lamp
54%
prophets
54%
cold
53%
dreams,
53%
dared
52%
disturb
52%
halls,
52%
raindrops,
51%
damp
50%
echoed
50%
turned
50%
restless
49%
silent
49%
split
48%
Narrow
47%
out
46%
seeds
46%
"Fools,"
44%
forming
44%
Take
44%
warning
44%
collar
43%
tenement
43%
flashed
40%
‘Neath
40%
touched
37%
whispered
37%
arms
36%
wells
32%
stabbed
31%
No matching quizzes found
Score Distribution
Percent of People with Each Score
Percentile by Number Answered
Your Score History
You have not taken this quiz